|
|
|
|
| LEADER |
00000naa a2200000uu 4500 |
| 001 |
vtls010951024 |
| 003 |
SK-MaSNL |
| 005 |
20260302125606.0 |
| 008 |
210909|2011 xo |||||||||||||||||slo| |
| 015 |
|
|
|a SNBRA
|
| 035 |
|
|
|a (urnnbn)urn:nbn:sk:snk:ar-a0bjpd
|
| 035 |
|
|
|a (uuid)cc835297-5693-404c-965e-be5af850541b
|
| 035 |
|
|
|a urn:nbn:sk:snk-aaubqs
|
| 040 |
|
|
|a SNKBUCL
|b slo
|c SNKBUCL
|e AACR2
|
| 041 |
0 |
|
|a slo
|
| 044 |
|
|
|a xo
|c SK
|
| 100 |
1 |
|
|a Hraško, Juraj,
|d 1931-
|4 aut
|9 237822
|
| 245 |
1 |
0 |
|a ČO SOM SA NAUČIL PRI PODÁVANÍ AMBULANTNEJ ANESTÉZIE
|c Juraj Hraško, Miloš Vateha, Richard Hunák
|
| 700 |
1 |
|
|a Vateha, Miloš
|4 aut
|9 812817
|
| 700 |
1 |
|
|a Hunák, Richard
|4 aut
|9 812818
|
| 773 |
0 |
|
|t Novinky v anesteziológii, intenzívnej medicíne 2011
|d Prešov : A-print, 2011
|g S. 35-39
|z 9788097070809
|
| 958 |
|
|
|a OND
|
| 958 |
|
|
|a article11
|
| 958 |
|
|
|a chapter
|
| 999 |
|
|
|c 1294549
|d 1296479
|